Ha az ingatlan adásvételi szerződésben az a kikötés foglaltatik, hogy a tulajdonjog telekkönyvileg a vevő javára csak a vételár teljes lefizetése után fog bekebeleztetni és a szerződő felek a vételár teljes kifizetése előtt, a szerződést hatálytalanították is, a kiszabott vagyonátruházási illeték törlésének helye nincsen

Elmentve itt :
Bibliográfiai részletek
Dokumentumtípus: Cikk
Megjelent: 1934
Sorozat:Polgári jog : a hazai és külföldi magánjog és hiteljog szemléje 10
Kulcsszavak:Illeték vagyonátruházási joggyakorlat
Online Access:http://misc.bibl.u-szeged.hu/5812
LEADER 00898nab a2200157 i 4500
001 misc5812
005 20191106142254.0
008 170607s1934 hu o 0|| hun d
040 |a SZTE Miscellanea Repozitórium  |b hun 
041 |a hun 
245 0 0 |a Ha az ingatlan adásvételi szerződésben az a kikötés foglaltatik, hogy a tulajdonjog telekkönyvileg a vevő javára csak a vételár teljes lefizetése után fog bekebeleztetni és a szerződő felek a vételár teljes kifizetése előtt, a szerződést hatálytalanították is, a kiszabott vagyonátruházási illeték törlésének helye nincsen  |h [elektronikus dokumentum] 
260 |c 1934 
300 |a 428-430a 
490 0 |a Polgári jog : a hazai és külföldi magánjog és hiteljog szemléje  |v 10 
695 |a Illeték vagyonátruházási joggyakorlat 
856 4 0 |u http://misc.bibl.u-szeged.hu/5812/1/polgari_jog_1934_428-430a.pdf  |z Dokumentum-elérés